After the storm

Bibliographic Details
Main Author: Butterworth, Nick
Format: Book
Published: London : Hapercollins Children's Books , 2003
Subjects:

MARC

LEADER 00000cam a2200000 7i4500
001 0000033534
005 20220105104112.0
008 120921
020 |a 0007155156 
090 0 0 |a JP   |b ENG 
100 1 |a Butterworth, Nick 
245 1 0 |a After the storm   |c Nick Butterworth 
260 |a London :   |b Hapercollins Children's Books ,   |c 2003 
500 |a Children age 4-6 years old (yellow) 
650 0 |a Junior preschool   |x English   |x Languages 
999 |a 0001158364   |b Book   |c Children Collection   |e Perbadanan Perpustakaan Awam Johor